|
|
|
|
| LEADER |
01312nam a2200277 4500 |
| 001 |
32827 |
| 003 |
BD-DhAAL |
| 005 |
20260111142521.0 |
| 008 |
180320s2016 bg a 00| 0 ben d |
| 040 |
|
|
|a BD-DhAAL
|d BD-DhAAL
|
| 041 |
|
|
|a ben
|
| 082 |
|
|
|a 954.9205
|2 22
|
| 100 |
|
|
|a ওয়াহাব, কাজী আব্দুল.
|9 25182
|
| 245 |
|
|
|a আমার দেখা মুক্তিযুদ্ধ /
|c কাজী আব্দুল ওয়াহাব.
|
| 246 |
|
|
|a Amar dekha muktijudha
|
| 260 |
|
|
|a ঢাকা :
|b অধুনা প্রকাশ,
|c ২০১৬.
|
| 300 |
|
|
|a ৪৬ পৃষ্ঠা :
|b চিত্র ;
|c ২২ সে.মি.
|
| 526 |
|
|
|a AAL
|
| 541 |
|
|
|e 32827,32828
|
| 651 |
|
|
|a Bangladesh
|x History
|y Revolution, 1971.
|9 25616
|
| 651 |
|
|
|a বাংলাদেশ
|x ইতিহাস
|y মুক্তিযুদ্ধ, ১৯৭১.
|9 25617
|
| 852 |
|
|
|a Ayesha Abed Library
|
| 942 |
|
|
|2 ddc
|c BK
|
| 999 |
|
|
|c 39159
|d 39159
|
| 952 |
|
|
|0 0
|1 0
|2 ddc
|4 0
|6 954_920500000000000_OHA
|7 0
|9 62979
|a BRACUL
|b BRACUL
|c BNC
|d 2018-03-20
|e Donated Book
|l 0
|o 954.9205 OHA
|p 3010032827
|r 2018-03-20
|t 1
|w 2018-03-20
|y BK
|
| 952 |
|
|
|0 0
|1 0
|2 ddc
|4 0
|6 954_920500000000000_OHA
|7 0
|9 62980
|a BRACUL
|b BRACUL
|c BNC
|d 2018-03-20
|e Donated Book
|l 0
|o 954.9205 OHA
|p 3010032828
|r 2018-03-20
|t 2
|w 2018-03-20
|y BK
|